La danza de las voces perdidas / (Record no. 27124)

MARC details
000 -LEADER
campo de control de longitud fija 00617nam a2200205 i 4500
001 - NÚMERO DE CONTROL
campo de control 27124
003 - IDENTIFICADOR DE NÚMERO DE CONTROL
campo de control ES-MaACL
005 - FECHA Y HORA DE LA ÚLTIMA TRANSACCIÓN
campo de control 20230906153550.0
007 - CAMPO FIJO DE DESCRIPCIÓN FÍSICA--INFORMACIÓN GENERAL
campo de control de longitud fija t|
008 - DATOS DE LONGITUD FIJA--INFORMACIÓN GENERAL
campo de control de longitud fija 030113s1976 sp ||||1| spa d
100 1# - ENTRADA PRINCIPAL--NOMBRE DE PERSONA
Nombre de persona Ayuso Fernández, Bernardo.
9 (RLIN) 24204
245 13 - MENCIÓN DEL TÍTULO
Título La danza de las voces perdidas /
Mención de responsabilidad, etc. Bernardo Ayuso Fernández.
260 ## - PUBLICACIÓN, DISTRIBUCIÓN, ETC.
Lugar de publicación, distribución, etc. Algeciras :
Nombre del editor, distribuidor, etc. [s.n.,
Fecha de publicación, distribución, etc. 1976] (
Fabricante Imp. Ed. Alba)
300 ## - DESCRIPCIÓN FÍSICA
Extensión 66 p. ;
Dimensiones 21 cm.
490 1# - MENCIÓN DE SERIE
Mención de serie Colección sur y remo ;
Designación de volumen o secuencia 2
830 0# - PUNTO DE ACCESO ADICIONAL DE SERIE-TÍTULO UNIFORME
Título uniforme Colección sur y remo ;
Designación de volumen o secuencia 2
9 (RLIN) 182838
852 ## - LOCALIZACIÓN
Ubicación ES-MaACL
Número de control de estantería A-9538
852 ## - LOCALIZACIÓN
Ubicación ES-MaACL
Número de control de estantería A-6920
Sublocalización o colección R.95056
Holdings
Estatus retirado Estado de pérdida Estado de daño No para préstamo Biblioteca de origen Biblioteca actual Ubicación en estantería Fecha de adquisición Fuente de adquisición Total de préstamos Signatura topográfica completa Código de barras Visto por última vez Precio de reemplazo Tipo de ítem Koha
        Biblioteca del Ateneo de Madrid Biblioteca del Ateneo de Madrid Sala Pecera Planta 1 17/01/2008     A-6920 1027996 23/02/2023 23/02/2023 Libro impreso
        Biblioteca del Ateneo de Madrid Biblioteca del Ateneo de Madrid Depósito 1 17/01/2008     A-9538 1027995 23/02/2023 23/02/2023 Libro impreso